| 000 -LEADER |
| fixed length control field |
01009nam a22001577a 4500 |
| 003 - CONTROL NUMBER IDENTIFIER |
| control field |
OSt |
| 005 - DATE AND TIME OF LATEST TRANSACTION |
| control field |
20151027110122.0 |
| 008 - FIXED-LENGTH DATA ELEMENTS--GENERAL INFORMATION |
| fixed length control field |
151027b xxu||||| |||| 00| 0 eng d |
| 040 ## - CATALOGING SOURCE |
| Transcribing agency |
RUA |
| 082 ## - DEWEY DECIMAL CLASSIFICATION NUMBER |
| Classification number |
VMF RIT 2002 B112 Or.1 |
| 100 ## - MAIN ENTRY--PERSONAL NAME |
| 9 (RLIN) |
2945 |
| Personal name |
RITHY SOKUNTHEARITH |
| 245 ## - TITLE STATEMENT |
| Title |
The Effect of cassava root meal used for growing-fattening pig hybred (yorkshire x landrace x duroc) at the pig station,lot no 9, khan tuol kork, phnom penh, (ប្រសិទ្ធភាពនៃការប្រើប្រាស់ម្សៅមើមដំឡូងមី ទៅលើការលូតលាស់របស់ជ្រូកបំប៉នកូនកាត់(យ៉កសៀរ x ឡេនរ៉េស xឌូរ៉ុក ) នៅស្ថានីយ៍ចិញ្ចឹមជ្រូកដីឡូតិ៍លេខ៩ ខ័ណ្ឌទួលគោក រាជធានីភ្នំពេញ) |
| 260 ## - PUBLICATION, DISTRIBUTION, ETC. (IMPRINT) |
| Place of publication, distribution, etc. |
Phnom Penh |
| Name of publisher, distributor, etc. |
Rua |
| Date of publication, distribution, etc. |
2002 |
| 300 ## - PHYSICAL DESCRIPTION |
| Extent |
xii; 56p. |
| Other physical details |
ill. |
| Dimensions |
29cm. |
| 942 ## - ADDED ENTRY ELEMENTS (KOHA) |
| Source of classification or shelving scheme |
|
| Koha item type |
VTF |